01694nam a2200445 i 450000100060000000300080000600500170001400600190003100700150005000800410006501700230010602000270012903500220015604000310017805000210020908000190023008200150024910000300026424501230029426400530041730000400047033600310051033700330054133800430057449000430061750000220066050400420068258800830072459001620080765000210096965000160099065000180100665000220102465000330104665500270107979700180110683000440112485600630116899900170123151455FINmELB20241216232317.0m o d | cr cnu||||||||230328s1995 sp ob 001 0 spa d aM-17547-1995b1995 a9788485498475q(print) a(OCoLC)1377203801 aFINmELBbspaerdacFINmELB 4aRC564bS361 1995 a616.89-008.44104a616.862231 aSchnitmann, Luis,eautor.10aTratamiento de las drogodependencias :bheroína, cocaína, alcohol, tabaco, sintéticos /cLuis Eduardo Schitmann. 1aMadrid, España :bEditorial Grupo Cero,c1995. a1 recurso en línea (83 páginas) atextobtxt2rdacontent/spa acomputadorabc2rdamedia/spa arecurso en líneabcr2rdacarrier/spa1 aColección Psicoanálisis y Medicina aIncluye índice. aIncluye referencias bibliográficas. aDescripción basada en metadatos suministrados por el editor y otras fuentes. aRecurso electrónico. Santa Fe, Arg.: elibro, 2023. Disponible vía World Wide Web. El acceso puede estar limitado para las bibliotecas afiliadas a elibro. 4aAbuso de drogas. 4aAdicciones. 4aPsicología. 4aPsicopatología. 4aToxicomaníaxTratamientos. 4aLibros electrónicos.2 aelibro, Corp. 0aColección Psicoanálisis y Medicina.40uhttps://elibro.net/ereader/politecnicointernacional/204144 c51455d51455